[Event "Pohár města Říčany 2018"]
[Site "Městské kulturní středisko U labutě"]
[Date "2019.08.28"]
[Round "6.23"]
[White "Skala, Jaromir"]
[Black "Rerabek, Jaroslav"]
[Result "1-0"]
[WhiteElo "1899"]
[BlackElo "1733"]
[PlyCount "0"]
[EventDate "2019.08.24"]

1. d4 d5 2. c4 e5 3. dxe5 d4 4. Nf3 Nc6 5. g3 Nge7 6. Bg2 Ng6 7. O-O Ngxe5
8. Nxe5 Nxe5 9. a3 c5 10. Qc2 Be7 11. b4 O-O 12. bxc5 Bxc5 13. Nd2 Rb8 14. Nb3
b6 15. Bf4 Re8 16. Rad1 d3 17. exd3 Bxa3 18. d4 Nd7 19. Qa2 Bb4 20. Qxa7 1-0

[Event "Pohár města Říčany 2018"]
[Site "Městské kulturní středisko U labutě"]
[Date "2019.08.28"]
[Round "6.24"]
[White "Smolik, Jachym"]
[Black "Kuhnmund, Ivan"]
[Result "1/2-1/2"]
[WhiteElo "1891"]
[BlackElo "1631"]
[PlyCount "0"]
[EventDate "2019.08.24"]

1. d4 f5 2. e4 fxe4 3. Nc3 Nf6 4. Bg5 c6 5. Bxf6 exf6 6. Qh5+ g6 7. Qe2 d5
8. O-O-O Bb4 9. Nb1 b5 10. Qe3 Qa5 11. f3 f5 12. Qf4 Be7 13. Qe5 Rg8 14. Ne2 Kf7
15. h4 Re8 16. Qf4 exf3 17. Qxf3 Nd7 18. g4 Nf6 19. gxf5 Bxf5 20. Rg1 Bf8
21. Qf4 Re4 22. Qd2 Bb4 23. c3 Bd6 24. b4 Qc7 25. Bg2 Rxe2 26. Qxe2 Bf4+ 27. Kb2
1/2-1/2

[Event "Pohár města Říčany 2018"]
[Site "Městské kulturní středisko U labutě"]
[Date "2019.08.28"]
[Round "6.25"]
[White "Hampel, Rudolf"]
[Black "Salac, Jiri"]
[Result "0-1"]
[WhiteElo "1660"]
[BlackElo "1881"]
[PlyCount "0"]
[EventDate "2019.08.24"]

1. e4 c5 2. Nc3 a6 3. g3 Nc6 4. Bg2 g6 5. d3 Bg7 6. f4 e6 7. Nf3 Nge7 8. O-O
O-O 9. Bd2 d5 10. Rb1 b5 11. Ne2 Bb7 12. Qe1 Rc8 13. g4 Nd4 14. Nexd4 cxd4
15. c3 Nc6 16. f5 dxe4 17. dxe4 exf5 18. exf5 dxc3 19. Bxc3 Nd4 20. Rd1 Nxf3+
21. Bxf3 Qb6+ 22. Kg2 Rfe8 23. Qh4 Bxc3 24. bxc3 Rxc3 25. Rd2 Bxf3+ 26. Rxf3
Rxf3 27. Kxf3 Qe3+ 0-1

[Event "Pohár města Říčany 2018"]
[Site "Městské kulturní středisko U labutě"]
[Date "2019.08.28"]
[Round "6.26"]
[White "Jirousek, Tadeas"]
[Black "Konvalinka, Vladislav"]
[Result "0-1"]
[WhiteElo "1856"]
[BlackElo "1657"]
[PlyCount "0"]
[EventDate "2019.08.24"]

1. e4 e6 2. d4 d5 3. e5 c5 4. c3 Nc6 5. Nf3 Bd7 6. a3 f6 7. exf6 Nxf6 8. Bd3
Qb6 9. O-O Bd6 10. Re1 O-O 11. b4 cxd4 12. cxd4 Rae8 13. Bb2 Re7 14. Ne5 Bxe5
15. dxe5 Ng4 16. Bc2 Nxf2 17. Qe2 Nd3+ 18. Kh1 Nxe1 19. Qxe1 Qf2 20. Nd2 Qxe1+
21. Rxe1 Rf2 22. Bc1 Ref7 23. Bd3 Nd4 24. Kg1 Bb5 25. Nf3 R2xf3 26. Bxb5 a6
27. Be8 Ne2+ 0-1

[Event "Pohár města Říčany 2018"]
[Site "Městské kulturní středisko U labutě"]
[Date "2019.08.28"]
[Round "6.28"]
[White "Vit, Zdenek"]
[Black "Kovar, Jan"]
[Result "1/2-1/2"]
[WhiteElo "1747"]
[BlackElo "1885"]
[PlyCount "0"]
[EventDate "2019.08.24"]

1. e4 e6 2. d4 d5 3. Nd2 c5 4. exd5 Qxd5 5. Ngf3 cxd4 6. Bc4 Qd6 7. O-O Nf6
8. Nb3 Nc6 9. Nbxd4 Nxd4 10. Nxd4 a6 11. a4 Qc7 12. Bd3 Bd6 13. h3 Bd7 14. c3 h6
15. Qe2 O-O 16. Bd2 Rfe8 17. Qd1 Rad8 18. Qc1 Bf8 19. Bc2 Qc8 20. Re1 e5 21. Ne2
Bc6 22. Ng3 Qd7 23. Rd1 Qd5 24. f3 Qe6 25. Be3 Nd5 26. Bf5 Qe7 27. Bf2 Nf4
28. Qc2 g6 29. Be4 Qc7 30. Bxc6 Qxc6 31. Rxd8 Rxd8 32. Rd1 Rd5 33. Ne4 Be7
34. Rxd5 Qxd5 35. Be3 f5 36. Nf2 Kg7 37. b3 Ne6 38. Nd3 Nc5 39. Nxc5 Bxc5
40. Bxc5 Qxc5+ 41. Kf1 Qd5 1/2-1/2

[Event "Pohár města Říčany 2018"]
[Site "Městské kulturní středisko U labutě"]
[Date "2019.08.28"]
[Round "6.29"]
[White "Day, Tobias"]
[Black "Dome, Michal"]
[Result "1/2-1/2"]
[WhiteElo "1761"]
[BlackElo "1799"]
[PlyCount "0"]
[EventDate "2019.08.24"]

1. e4 e6 2. b3 d5 3. Bb2 Nf6 4. e5 Nfd7 5. f4 c5 6. Nf3 Nc6 7. d3 b6 8. Nbd2
Bb7 9. Be2 Qc7 10. O-O d4 11. Ne4 Nb4 12. c3 Nd5 13. Qd2 dxc3 14. Bxc3 Be7
15. Rac1 Rc8 16. d4 Qb8 17. Rc2 a6 18. Qc1 Nxc3 19. Nxc3 cxd4 20. Na4 b5 21. Nb2
Nb6 22. Rd1 Qa8 23. Nd3 Be4 24. Kf2 O-O 25. g3 Nd5 26. Nxd4 Bxd3 27. Bxd3 Nb4
28. Rc7 Nxd3+ 1/2-1/2

[Event "Pohár města Říčany 2018"]
[Site "Městské kulturní středisko U labutě"]
[Date "2019.08.28"]
[Round "6.31"]
[White "Bartos, Vaclav"]
[Black "Hadrava, Jaroslav"]
[Result "1-0"]
[WhiteElo "1809"]
[BlackElo "1937"]
[PlyCount "0"]
[EventDate "2019.08.24"]

1. d4 d5 2. Nf3 Nc6 3. Bf4 Bg4 4. e3 e6 5. c4 Nf6 6. Be2 Bb4+ 7. Nbd2 dxc4
8. O-O c3 9. bxc3 Bxc3 10. Rb1 Rb8 11. Nc4 Nd5 12. Bg3 Bb4 13. Rc1 O-O 14. Nce5
Nxe5 15. Bxe5 Bd6 16. Bxd6 cxd6 17. h3 Bh5 18. Bc4 Nb6 19. Bd3 Qe7 20. Qb3 Bxf3
21. gxf3 Rfc8 22. Rxc8+ Rxc8 23. a4 d5 24. Rb1 Rc7 25. Kg2 g6 26. f4 Qd8 27. Rb2
Qc8 28. a5 Nc4 29. Ra2 Qd7 30. Qb4 Qd6 31. Qb3 Qe7 32. Rc2 Nd6 33. Rb2 f5
34. Rc2 Kg7 35. Rc5 Ne4 36. Bxe4 fxe4 37. Rxc7 Qxc7 38. Qb4 Kf7 39. Qb5 Qe7
40. Qb3 Kf6 41. Qc3 Kf5 42. Qc8 g5 43. Qb8 gxf4 44. Qxf4+ Kg6 45. Qb8 a6
46. Qg8+ Kh6 47. Qb8 Kg6 48. Qg8+ Kf6 49. Qb8 Kf7 50. Qh8 Qg5+ 51. Kh2 Qf5
52. Kg1 Qxh3 53. Qc8 Qg4+ 54. Kh2 Qh4+ 55. Kg2 Qe7 56. Qh8 Kg6 57. Qg8+ Kh6
58. Qb8 Qg7+ 59. Kf1 Qf7 60. Qh2+ Kg7 61. Qe5+ Kh6 62. Qh2+ Qh5 63. Qf4+ Kg6
64. Qb8 Qd1+ 65. Kg2 Qf3+ 66. Kf1 h5 67. Qxb7 h4 68. Qxa6 Qd1+ 69. Kg2 Qg4+
70. Kh2 Qf5 71. Qf1 e5 72. a6 exd4 73. a7 Qe5+ 74. Kh1 Qe8 75. Qa6+ Kf5 76. a8=Q
Qe5 77. Q8c8+ Kg5 78. Qae6 Qxe6 79. Qxe6 1-0

[Event "Pohár města Říčany 2018"]
[Site "Městské kulturní středisko U labutě"]
[Date "2019.08.28"]
[Round "6.33"]
[White "Kalvach, Ladislav"]
[Black "Feierfeil, Jiri"]
[Result "1-0"]
[WhiteElo "1784"]
[BlackElo "1671"]
[PlyCount "0"]
[EventDate "2019.08.24"]

1. e4 c5 2. Ne2 d6 3. g3 Nc6 4. Bg2 g6 5. c3 Bg7 6. O-O e5 7. Na3 Nge7 8. Nc2
O-O 9. h3 f5 10. d3 Be6 11. Be3 Qd7 12. Kh2 Rad8 13. Qd2 b6 14. Bh6 f4 15. Bxg7
fxg3+ 16. Nxg3 Kxg7 17. Qg5 Kh8 18. f4 Rf7 19. fxe5 Rdf8 20. d4 cxd4 21. cxd4
Bc4 22. Rxf7 Rxf7 23. Ne3 Ba6 24. exd6 Qxd6 25. d5 Ne5 26. Ng4 Nxg4+ 27. hxg4
Rf2 28. Rd1 Bc8 29. b4 Kg7 30. e5 Qxb4 31. d6 Nc6 32. Nh5+ Kf7 33. d7 Bb7
34. Kh1 Rxg2 35. Qf6+ 1-0